| 000 | 01724cam a22002418i 4500 | ||
|---|---|---|---|
| 001 | 17970388 | ||
| 005 | 20150314113908.0 | ||
| 008 | 131212s2014 nyu 000 0 eng | ||
| 020 | _a9781292012568 | ||
| 040 |
_aDLC _beng _cDLC |
||
| 082 | 0 | 0 |
_a657 _222 _bMCL |
| 100 | 1 |
_aMcLaney, E. J. _934899 |
|
| 245 | 1 | 0 |
_aAccounting and finance : _ban introduction / _cEddie McLaney and Peter Atrill. |
| 250 | _a7th ed. | ||
| 260 |
_aHarlow, United Kingdom : _bPearson Education Education, _c2014. |
||
| 300 | _axxx, 830 p. : | ||
| 505 | 0 | _aPreface -- How to use this book -- Guided tours -- Guided tours of myaccountinglab -- Acknowledgements -- Introduction to accounting -- Financial accounting -- Measuring and reporting financial position -- Measuring and reporting financial performance -- Accounting for limited companies -- Accounting for limited companies -- Measuring and reporting cash flows -- Analysing and interpreting financial statements -- Management accounting -- Relevant costs for decision making -- Cost-volume-profit analysis -- Full costing -- Costing and performance evaluation in a competitive environment -- Budgeting -- Accounting for control -- Financial management -- Making capital investment decisions -- Financing a business -- Managing working capital -- Supplementary information -- Appendix A: recording financial transactions -- Appendix B: glossary of key terms -- Appendix C: solutions to self-assessment questions -- Appendix D: solutions to review questions -- Appendix E: solutions to selected exercises -- Appendix F: present value table -- Index. | |
| 650 | 0 | _aAccounting. | |
| 653 |
_bBUSADM _cMarch2015 |
||
| 655 |
_vreading book _934232 |
||
| 700 | 1 | _aAtrill, Peter. | |
| 942 | _2ddc | ||
| 999 |
_c19016 _d18988 |
||